000 00543nmm a22001817a 4500
003 OSt
005 20240520162413.0
006 eBook
008 240520b |||||||| |||| 00| 0 eng d
040 _cMRSPTU
100 _aHarvey M. Deitel
245 _aC# 2008 for Programmers
250 _a3rd
260 _aNew Delhi
_bPearson
_c2008
600 _2Computer Science
856 _3Click here to access the e-book
_uhttps://ebookcentral.proquest.com/lib/gzsptuc/detail.action?docID=5126204&query=C%23+2008+for+Programmers
942 _2ddc
_cEB
_n1
999 _c10333
_d10333